00305nam a2200121Ia 4500008004100000100002100041245003200062260003400094300000900128650002200137942000700159999001700166190216s9999||||xx |||||||||||||| ||und|| aLester B Pearson 0aDemocracy In World Politics bOxford University Pressc1960 a120p aPolitical Science cBK c34745d34745